| 000 | 00730nam a22002297a 4500 | ||
|---|---|---|---|
| 005 | 20170124110028.0 | ||
| 010 | _aA-350066 | ||
| 020 | _c75.00 | ||
| 035 | _aA-350066 | ||
| 037 | _bCen Lib/Ret | ||
| 040 |
_aDPL _bEN |
||
| 082 |
_a580 _bSHA |
||
| 100 |
_aSharga, Anil _921188 |
||
| 245 |
_aCompetiton centre's as series complete course to Botany : _cby Anil Sharga [and] T.C.Sharma _bcivil services preliminary examination / |
||
| 260 |
_bDhillon Publications _aNew Delhi |
||
| 270 |
_aE-84, Kalkaji _bNew Delhi _e110019 |
||
| 300 |
_a285p. : _c22cm(Hb) _bill. |
||
| 650 |
_aBotany. _990192 |
||
| 650 |
_aCivil services preparation. _921190 |
||
| 700 |
_aSharma, T.C. _921191 |
||
| 942 |
_2ddc _cEN _h580 _mSHA |
||
| 999 |
_c127675 _d127675 |
||